LEADER 01163nam--2200385---450- 001 990005902130203316 005 20160414115129.0 010 $a978-88-581-0861-1 035 $a000590213 035 $aUSA01000590213 035 $a(ALEPH)000590213USA01 035 $a000590213 100 $a20131025d2013----km-y0itay50------ba 101 $aita 102 $aIT 105 $a||||||||001yy 200 1 $aCome si abbatte una democrazia$etecniche di colpo di Stato nell'Atene antica$fCinzia Bearzot 210 $aRoma$aBari$cLaterza$d2013 215 $aVIII, 214 p.$d23 cm 225 2 $aStoria e società 410 0$12001$aStoria e società 454 1$12001 606 0 $aPolitica$yAtene$zSec. 5. a.C.$2BNCF 676 $a938.504 700 1$aBEARZOT,$bCinzia$0230082 801 0$aIT$bsalbc$gISBD 912 $a990005902130203316 951 $aIX.3. 761$b242749 L.M.$cIX.3.$d00343972 959 $aBK 969 $aUMA 979 $aALESSANDRA$b90$c20131025$lUSA01$h1427 979 $aALESSANDRA$b90$c20131025$lUSA01$h1431 979 $aALESSANDRA$b90$c20160414$lUSA01$h1151 996 $aCome si abbatte una democrazia$9835106 997 $aUNISA